000 01031nam a22003257a 4500
003 CHAP
005 20220329135535.0
008 971013s1986 r 00010 d
010 _a38228
011 _a39200
035 _a43320
040 _cCHAP
082 _a595.7
_bP39
100 0 0 _aPayne, T. L.
_986331
245 _aMechanisms in insect olfaction
260 _aOxford :
_bClaredon,
_c1986
300 _a364 p.
_b: ilus. ; gráfs.
590 _aBATCH-UPD
_b10
_c20130110
_lUCH01
_h1700
590 _aBATCH-UPD
_b10
_c20130410
_lUCH01
_h1048
590 _aBATCH-UPD
_b10
_c20130914
_lUCH01
_h0800
590 _aCONVERSION
_b10
_c20130109
_lUCH01
_h1321
650 1 4 _aInsectos
_xAnatomía y fisiología.
_958891
650 1 4 _aInsectos
_xHábitos y conducta.
_958927
650 1 4 _aRepelentes y atrayentes de insectos.
_995985
700 0 _aBirch, M. C.
_912902
700 0 _aKennedy, C. E. J.
_963032
901 _aBK
942 _cLIBRO
949 _a595.7 P39
_bBC
_cLIBRO
_d33724000348306
_eLIBRO
_gI.136576
_h72090
_i43320
_mDir.
_si
999 _c38228
_d38228